[Event "Deutsche Ländermeisterschaft 2025"]
[Site "Oer-Erkenschwick GER"]
[Date "2025.10.01"]
[Round "1"]
[White "Farokhi, Keyvan"]
[Black "Besou, Hussain"]
[Result "0-1"]
[Termination "normal"]
[Board "1.1"]
[WhiteTitle "FM"]
[BlackTitle "FM"]
[WhiteElo "2384"]
[BlackElo "2376"]
[WhiteClock "00:26:55"]
[BlackClock "00:20:28"]
[WhiteTeam "Schleswig-Holstein"]
[BlackTeam "Nordrhein-Westfalen 1"]
[PlyCount "90"]
[WhiteFideId "12998630"]
[BlackFideId "16269950"]
[EventCountry "GER"]
[EventRounds "7"]
[EventType "team-swiss"]
[EventDate "2025.09.30"]

1. Nf3 {[%clk 01:30:43]} {[%emt 00:00:16]} d5 {[%clk 01:30:25]} {[%emt
00:00:35]} 2. g3 {[%clk 01:31:00]} {[%emt 00:00:14]} Nf6 {[%clk 01:30:38]}
{[%emt 00:00:17]} 3. Bg2 {[%clk 01:31:17]} {[%emt 00:00:13]} e6 {[%clk
01:30:28]} {[%emt 00:00:39]} 4. O-O {[%clk 01:31:36]} {[%emt 00:00:11]} Be7
{[%clk 01:30:50]} {[%emt 00:00:08]} 5. c4 {[%clk 01:31:16]} {[%emt 00:00:50]}
O-O {[%clk 01:31:06]} {[%emt 00:00:15]} 6. d3 {[%clk 01:31:11]} {[%emt
00:00:35]} d4 {[%clk 01:28:06]} {[%emt 00:03:30]} 7. e4 {[%clk 01:31:12]}
{[%emt 00:00:29]} c5 {[%clk 01:22:09]} {[%emt 00:06:26]} 8. e5 {[%clk
01:27:26]} {[%emt 00:04:16]} Nfd7 {[%clk 01:22:14]} {[%emt 00:00:24]} 9. Qe2
{[%clk 01:25:47]} {[%emt 00:02:09]} Nc6 {[%clk 01:22:08]} {[%emt 00:00:36]} 10.
h4 {[%clk 01:18:16]} {[%emt 00:08:01]} h6 {[%clk 01:18:57]} {[%emt 00:03:42]}
11. Bf4 {[%clk 01:05:00]} {[%emt 00:13:46]} a6 {[%clk 01:13:50]} {[%emt
00:05:37]} 12. b3 {[%clk 01:00:09]} {[%emt 00:05:21]} b5 {[%clk 01:04:00]}
{[%emt 00:10:21]} 13. Nbd2 {[%clk 00:56:07]} {[%emt 00:04:32]} Bb7 {[%clk
01:03:07]} {[%emt 00:01:22]} 14. h5 {[%clk 00:55:04]} {[%emt 00:01:33]} Re8
{[%clk 00:36:22]} {[%emt 00:27:15]} 15. g4 {[%clk 00:39:36]} {[%emt 00:15:58]}
Nf8 {[%clk 00:30:25]} {[%emt 00:06:27]} 16. Ne4 {[%clk 00:37:17]} {[%emt
00:02:50]} Nh7 {[%clk 00:23:14]} {[%emt 00:07:41]} 17. Rfc1 {[%clk 00:31:35]}
{[%emt 00:06:10]} bxc4 {[%clk 00:18:05]} {[%emt 00:05:41]} 18. bxc4 {[%clk
00:29:19]} {[%emt 00:02:45]} Rb8 {[%clk 00:17:19]} {[%emt 00:01:15]} 19. Rab1
{[%clk 00:17:32]} {[%emt 00:12:17]} Nb4 {[%clk 00:15:48]} {[%emt 00:02:02]} 20.
a3 {[%clk 00:01:59]} {[%emt 00:16:03]} Bxe4 {[%clk 00:16:02]} {[%emt 00:00:15]}
21. axb4 {[%clk 00:02:16]} {[%emt 00:00:13]} Bxf3 {[%clk 00:16:25]} {[%emt
00:00:07]} 22. Bxf3 {[%clk 00:02:29]} {[%emt 00:00:17]} cxb4 {[%clk 00:12:04]}
{[%emt 00:04:51]} 23. c5 {[%clk 00:02:50]} {[%emt 00:00:08]} Qc7 {[%clk
00:11:24]} {[%emt 00:01:10]} 24. c6 {[%clk 00:02:09]} {[%emt 00:01:11]} Rb5
{[%clk 00:09:44]} {[%emt 00:02:11]} 25. Rc4 {[%clk 00:02:10]} {[%emt 00:00:29]}
Rd8 {[%clk 00:08:09]} {[%emt 00:02:05]} 26. Qb2 {[%clk 00:01:22]} {[%emt
00:01:17]} Bc5 {[%clk 00:05:27]} {[%emt 00:03:13]} 27. Rbc1 {[%clk 00:00:33]}
{[%emt 00:01:18]} Qb6 {[%clk 00:05:24]} {[%emt 00:00:34]} 28. Qb3 {[%clk
00:00:34]} {[%emt 00:00:29]} Rc8 {[%clk 00:04:31]} {[%emt 00:01:23]} 29. Bd2
{[%clk 00:00:31]} {[%emt 00:00:32]} a5 {[%clk 00:04:11]} {[%emt 00:00:50]} 30.
Kf1 {[%clk 00:00:43]} {[%emt 00:00:18]} Nf8 {[%clk 00:01:50]} {[%emt 00:02:52]}
31. Ke2 {[%clk 00:00:35]} {[%emt 00:00:38]} Be7 {[%clk 00:00:47]} {[%emt
00:01:33]} 32. c7 {[%clk 00:00:40]} {[%emt 00:00:25]} Rxe5+ {[%clk 00:00:48]}
{[%emt 00:00:30]} 33. Kf1 {[%clk 00:01:09]} {[%emt 00:00:01]} Rc5 {[%clk
00:00:45]} {[%emt 00:00:32]} 34. Bf4 {[%clk 00:00:56]} {[%emt 00:00:43]} Nd7
{[%clk 00:00:46]} {[%emt 00:00:30]} 35. Qa4 {[%clk 00:00:56]} {[%emt 00:00:30]}
Rxc4 {[%clk 00:00:42]} {[%emt 00:00:34]} 36. Rxc4 {[%clk 00:01:25]} {[%emt
00:00:01]} Nc5 {[%clk 00:01:03]} {[%emt 00:00:09]} 37. Rxc5 {[%clk 00:00:49]}
{[%emt 00:01:06]} Qxc5 {[%clk 00:01:04]} {[%emt 00:00:29]} 38. Qd7 {[%clk
00:01:18]} {[%emt 00:00:01]} Rf8 {[%clk 00:01:23]} {[%emt 00:00:11]} 39. Bc6
{[%clk 00:01:08]} {[%emt 00:00:39]} b3 {[%clk 00:01:04]} {[%emt 00:00:50]} 40.
c8=Q {[%clk 00:01:09]} {[%emt 00:00:29]} Rxc8 {[%clk 00:00:59]} {[%emt
00:00:35]} 41. Qxc8+ {[%clk 00:01:31]} {[%emt 00:00:08]} Bf8 {[%clk 00:01:22]}
{[%emt 00:00:07]} 42. Qb7 {[%clk 00:29:52]} {[%emt 00:02:08]} Qa3 {[%clk
00:19:48]} {[%emt 00:12:05]} 43. Be8 {[%clk 00:27:11]} {[%emt 00:03:11]} b2
{[%clk 00:19:47]} {[%emt 00:00:31]} 44. Bxf7+ {[%clk 00:26:36]} {[%emt
00:01:06]} Kh8 {[%clk 00:20:11]} {[%emt 00:00:05]} 45. Kg2 {[%clk 00:26:55]}
{[%emt 00:00:11]} Qb4 {[%clk 00:20:28]} {[%emt 00:00:14]} 0-1

[Event "Deutsche Ländermeisterschaft 2025"]
[Site "Oer-Erkenschwick GER"]
[Date "2025.10.01"]
[Round "1"]
[White "Korchynskyi, Mykola"]
[Black "Guo, Philipp Ziming"]
[Result "1/2-1/2"]
[Termination "normal"]
[Board "1.2"]
[WhiteTitle "FM"]
[WhiteElo "2372"]
[BlackElo "2204"]
[WhiteClock "00:23:04"]
[BlackClock "00:18:12"]
[WhiteTeam "Nordrhein-Westfalen 1"]
[BlackTeam "Schleswig-Holstein"]
[PlyCount "51"]
[WhiteFideId "34138005"]
[BlackFideId "16245199"]
[EventCountry "GER"]
[EventRounds "7"]
[EventType "team-swiss"]
[EventDate "2025.09.30"]

1. d4 {[%clk 01:30:28]} {[%emt 00:00:30]} Nf6 {[%clk 01:30:52]} {[%emt
00:00:08]} 2. c4 {[%clk 01:30:54]} {[%emt 00:00:05]} e6 {[%clk 01:31:14]}
{[%emt 00:00:07]} 3. Nf3 {[%clk 01:31:14]} {[%emt 00:00:10]} b6 {[%clk
01:31:21]} {[%emt 00:00:24]} 4. g3 {[%clk 01:31:34]} {[%emt 00:00:09]} Ba6
{[%clk 01:31:42]} {[%emt 00:00:09]} 5. Nbd2 {[%clk 01:31:57]} {[%emt 00:00:07]}
d5 {[%clk 01:31:52]} {[%emt 00:00:20]} 6. Bg2 {[%clk 01:31:12]} {[%emt
00:01:16]} Be7 {[%clk 01:32:00]} {[%emt 00:00:19]} 7. O-O {[%clk 01:31:25]}
{[%emt 00:00:20]} O-O {[%clk 01:32:20]} {[%emt 00:00:07]} 8. Ne5 {[%clk
01:29:34]} {[%emt 00:02:24]} Bb7 {[%clk 01:30:40]} {[%emt 00:02:09]} 9. b3
{[%clk 01:28:05]} {[%emt 00:02:00]} Nbd7 {[%clk 01:28:27]} {[%emt 00:02:43]}
10. Bb2 {[%clk 01:26:49]} {[%emt 00:01:45]} c5 {[%clk 01:28:02]} {[%emt
00:00:54]} 11. cxd5 {[%clk 01:19:14]} {[%emt 00:08:07]} exd5 {[%clk 01:24:57]}
{[%emt 00:03:35]} 12. Rc1 {[%clk 01:12:54]} {[%emt 00:06:49]} Rc8 {[%clk
01:20:20]} {[%emt 00:05:07]} 13. Ndc4 {[%clk 01:07:49]} {[%emt 00:05:37]} Rc7
{[%clk 00:57:55]} {[%emt 00:22:54]} 14. Ne3 {[%clk 00:56:17]} {[%emt 00:12:02]}
Re8 {[%clk 00:49:35]} {[%emt 00:08:51]} 15. Nxd7 {[%clk 00:38:41]} {[%emt
00:18:06]} Rxd7 {[%clk 00:45:08]} {[%emt 00:04:57]} 16. dxc5 {[%clk 00:37:53]}
{[%emt 00:01:19]} Bxc5 {[%clk 00:42:39]} {[%emt 00:02:57]} 17. Bxf6 {[%clk
00:36:21]} {[%emt 00:02:03]} Qxf6 {[%clk 00:43:02]} {[%emt 00:00:06]} 18. Nxd5
{[%clk 00:36:34]} {[%emt 00:00:18]} Qd8 {[%clk 00:29:06]} {[%emt 00:14:25]} 19.
e4 {[%clk 00:36:41]} {[%emt 00:00:24]} f5 {[%clk 00:28:47]} {[%emt 00:00:49]}
20. Qc2 {[%clk 00:22:41]} {[%emt 00:14:30]} fxe4 {[%clk 00:28:09]} {[%emt
00:01:08]} 21. Ne3 {[%clk 00:23:08]} {[%emt 00:00:03]} Rd2 {[%clk 00:19:15]}
{[%emt 00:09:23]} 22. Qc4+ {[%clk 00:23:32]} {[%emt 00:00:07]} Bd5 {[%clk
00:19:35]} {[%emt 00:00:10]} 23. Nxd5 {[%clk 00:22:37]} {[%emt 00:01:26]} Qxd5
{[%clk 00:19:58]} {[%emt 00:00:06]} 24. Qxd5+ {[%clk 00:22:56]} {[%emt
00:00:12]} Rxd5 {[%clk 00:20:23]} {[%emt 00:00:05]} 25. Rce1 {[%clk 00:23:18]}
{[%emt 00:00:08]} Rde5 {[%clk 00:18:12]} {[%emt 00:02:41]} 26. Re2 {[%clk
00:23:04]} {[%emt 00:00:44]} 1/2-1/2

[Event "Deutsche Ländermeisterschaft 2025"]
[Site "Oer-Erkenschwick GER"]
[Date "2025.10.01"]
[Round "1"]
[White "Sommer, Justus"]
[Black "Gallasch, Jonas"]
[Result "0-1"]
[Termination "normal"]
[Board "1.3"]
[BlackTitle "FM"]
[WhiteElo "2111"]
[BlackElo "2304"]
[WhiteClock "00:27:34"]
[BlackClock "00:41:16"]
[WhiteTeam "Schleswig-Holstein"]
[BlackTeam "Nordrhein-Westfalen 1"]
[PlyCount "92"]
[WhiteFideId "16245008"]
[BlackFideId "16222474"]
[EventCountry "GER"]
[EventRounds "7"]
[EventType "team-swiss"]
[EventDate "2025.09.30"]

1. e4 {[%clk 01:30:56]} {[%emt 00:00:02]} c6 {[%clk 01:30:56]} {[%emt
00:00:05]} 2. Nf3 {[%clk 01:31:13]} {[%emt 00:00:12]} d5 {[%clk 01:31:22]}
{[%emt 00:00:05]} 3. Nc3 {[%clk 01:31:35]} {[%emt 00:00:07]} Nf6 {[%clk
01:27:21]} {[%emt 00:04:31]} 4. e5 {[%clk 01:27:09]} {[%emt 00:04:54]} Ne4
{[%clk 01:24:34]} {[%emt 00:03:20]} 5. d4 {[%clk 01:23:41]} {[%emt 00:03:57]}
Nxc3 {[%clk 01:21:53]} {[%emt 00:03:12]} 6. bxc3 {[%clk 01:24:04]} {[%emt
00:00:07]} c5 {[%clk 01:22:22]} {[%emt 00:00:02]} 7. Be2 {[%clk 01:16:04]}
{[%emt 00:08:29]} c4 {[%clk 01:19:05]} {[%emt 00:03:47]} 8. h4 {[%clk
01:11:39]} {[%emt 00:04:54]} e6 {[%clk 01:18:21]} {[%emt 00:01:15]} 9. h5
{[%clk 01:08:42]} {[%emt 00:03:27]} h6 {[%clk 01:11:33]} {[%emt 00:07:18]} 10.
g4 {[%clk 00:55:33]} {[%emt 00:13:37]} Qa5 {[%clk 01:00:38]} {[%emt 00:11:26]}
11. Qd2 {[%clk 00:49:03]} {[%emt 00:06:59]} Be7 {[%clk 00:57:00]} {[%emt
00:04:09]} 12. a4 {[%clk 00:39:25]} {[%emt 00:10:07]} Nc6 {[%clk 00:50:17]}
{[%emt 00:07:14]} 13. Kf1 {[%clk 00:33:57]} {[%emt 00:05:58]} Bd7 {[%clk
00:48:44]} {[%emt 00:02:04]} 14. Kg2 {[%clk 00:33:02]} {[%emt 00:01:25]} O-O-O
{[%clk 00:46:12]} {[%emt 00:03:01]} 15. Ba3 {[%clk 00:29:03]} {[%emt 00:04:29]}
Rdf8 {[%clk 00:34:27]} {[%emt 00:12:17]} 16. Nh4 {[%clk 00:25:24]} {[%emt
00:04:08]} Qd8 {[%clk 00:31:07]} {[%emt 00:03:51]} 17. Bxe7 {[%clk 00:23:54]}
{[%emt 00:02:00]} Nxe7 {[%clk 00:31:33]} {[%emt 00:00:04]} 18. Qc1 {[%clk
00:16:29]} {[%emt 00:07:54]} g6 {[%clk 00:24:36]} {[%emt 00:07:28]} 19. Qa3
{[%clk 00:13:13]} {[%emt 00:03:46]} gxh5 {[%clk 00:21:49]} {[%emt 00:03:17]}
20. gxh5 {[%clk 00:13:35]} {[%emt 00:00:07]} Rhg8+ {[%clk 00:22:04]} {[%emt
00:00:16]} 21. Kf1 {[%clk 00:13:33]} {[%emt 00:00:31]} f6 {[%clk 00:22:02]}
{[%emt 00:00:33]} 22. Qc5+ {[%clk 00:10:39]} {[%emt 00:03:24]} Kb8 {[%clk
00:21:22]} {[%emt 00:01:09]} 23. Nf3 {[%clk 00:09:42]} {[%emt 00:01:27]} Nc6
{[%clk 00:19:18]} {[%emt 00:02:34]} 24. Qd6+ {[%clk 00:09:04]} {[%emt
00:01:08]} Qc7 {[%clk 00:15:58]} {[%emt 00:03:51]} 25. Qxc7+ {[%clk 00:08:52]}
{[%emt 00:00:42]} Kxc7 {[%clk 00:16:25]} {[%emt 00:00:03]} 26. exf6 {[%emt
00:01:00]} Rxf6 {[%clk 00:16:51]} 27. Rg1 {[%clk 00:07:16]} {[%emt 00:01:39]}
Rgf8 {[%clk 00:17:05]} {[%emt 00:00:17]} 28. Rg3 {[%clk 00:07:36]} {[%emt
00:00:09]} Be8 {[%clk 00:17:13]} {[%emt 00:00:23]} 29. Kg2 {[%clk 00:06:51]}
{[%emt 00:01:15]} Ne7 {[%clk 00:15:28]} {[%emt 00:02:15]} 30. a5 {[%clk
00:04:00]} {[%emt 00:03:20]} Nf5 {[%clk 00:15:36]} {[%emt 00:00:22]} 31. Rh3
{[%clk 00:04:14]} {[%emt 00:00:16]} Nd6 {[%clk 00:12:58]} {[%emt 00:03:08]} 32.
Kf1 {[%clk 00:01:46]} {[%emt 00:02:58]} Ne4 {[%clk 00:12:36]} {[%emt 00:00:52]}
33. Ke1 {[%clk 00:01:32]} {[%emt 00:00:44]} Nxc3 {[%clk 00:11:21]} {[%emt
00:01:45]} 34. Ra3 {[%clk 00:01:51]} {[%emt 00:00:10]} Nxe2 {[%clk 00:11:02]}
{[%emt 00:00:49]} 35. Kxe2 {[%clk 00:02:16]} {[%emt 00:00:05]} Rf5 {[%clk
00:11:29]} {[%emt 00:00:03]} 36. Re3 {[%clk 00:01:43]} {[%emt 00:01:03]} Bxh5
{[%clk 00:11:43]} {[%emt 00:00:17]} 37. Rxh5 {[%clk 00:02:02]} {[%emt
00:00:11]} Rxh5 {[%clk 00:12:08]} {[%emt 00:00:04]} 38. Rxe6 {[%clk 00:02:26]}
{[%emt 00:00:06]} Rhf5 {[%clk 00:12:28]} {[%emt 00:00:10]} 39. Ne5 {[%clk
00:02:36]} {[%emt 00:00:21]} Rxf2+ {[%clk 00:12:32]} {[%emt 00:00:26]} 40. Ke3
{[%clk 00:02:20]} {[%emt 00:00:45]} Rxc2 {[%clk 00:11:24]} {[%emt 00:01:39]}
41. Re7+ {[%clk 00:29:17]} {[%emt 00:03:33]} Kd6 {[%clk 00:41:21]} {[%emt
00:00:32]} 42. Rxb7 {[%clk 00:29:07]} {[%emt 00:00:40]} Rc3+ {[%clk 00:40:52]}
{[%emt 00:00:59]} 43. Ke2 {[%clk 00:28:47]} {[%emt 00:00:51]} Rf4 {[%clk
00:40:06]} {[%emt 00:01:16]} 44. Nf7+ {[%clk 00:28:21]} {[%emt 00:00:55]} Ke6
{[%clk 00:40:29]} {[%emt 00:00:06]} 45. Nxh6 {[%clk 00:27:32]} {[%emt
00:01:20]} Rh4 {[%clk 00:40:48]} {[%emt 00:00:11]} 46. Rxa7 {[%clk 00:27:34]}
{[%emt 00:00:28]} Rh2+ {[%clk 00:41:16]} {[%emt 00:00:03]} 0-1

[Event "Deutsche Ländermeisterschaft 2025"]
[Site "Oer-Erkenschwick GER"]
[Date "2025.10.01"]
[Round "1"]
[White "Möller, Maurin"]
[Black "Sasse, Conan"]
[Result "1-0"]
[Termination "normal"]
[Board "1.4"]
[WhiteTitle "FM"]
[WhiteElo "2317"]
[BlackElo "1906"]
[WhiteClock "00:03:35"]
[BlackClock "00:03:06"]
[WhiteTeam "Nordrhein-Westfalen 1"]
[BlackTeam "Schleswig-Holstein"]
[PlyCount "65"]
[WhiteFideId "16265696"]
[BlackFideId "34684336"]
[EventCountry "GER"]
[EventRounds "7"]
[EventType "team-swiss"]
[EventDate "2025.09.30"]

1. e4 {[%clk 01:30:55]} {[%emt 00:00:03]} c5 {[%clk 01:30:54]} {[%emt
00:00:07]} 2. Nf3 {[%clk 01:31:21]} {[%emt 00:00:04]} d6 {[%clk 01:30:44]}
{[%emt 00:00:40]} 3. d4 {[%clk 01:31:45]} {[%emt 00:00:06]} cxd4 {[%clk
01:31:10]} {[%emt 00:00:05]} 4. Nxd4 {[%clk 01:32:11]} {[%emt 00:00:04]} Nf6
{[%clk 01:31:31]} {[%emt 00:00:09]} 5. Nc3 {[%clk 01:32:32]} {[%emt 00:00:08]}
a6 {[%clk 01:31:47]} {[%emt 00:00:15]} 6. f3 {[%clk 01:32:57]} {[%emt
00:00:05]} e5 {[%clk 01:31:37]} {[%emt 00:00:39]} 7. Nb3 {[%clk 01:33:20]}
{[%emt 00:00:06]} Be6 {[%clk 01:31:29]} {[%emt 00:00:39]} 8. Be3 {[%clk
01:33:43]} {[%emt 00:00:07]} Nbd7 {[%clk 01:29:11]} {[%emt 00:02:48]} 9. g4
{[%clk 01:32:40]} {[%emt 00:01:32]} Be7 {[%clk 01:27:59]} {[%emt 00:01:42]} 10.
Qd2 {[%clk 01:25:56]} {[%emt 00:07:14]} Nb6 {[%clk 01:23:17]} {[%emt 00:05:12]}
11. g5 {[%clk 01:24:44]} {[%emt 00:01:41]} Nfd7 {[%clk 01:20:28]} {[%emt
00:03:20]} 12. h4 {[%clk 01:22:04]} {[%emt 00:03:09]} h6 {[%clk 01:05:12]}
{[%emt 00:15:47]} 13. Rg1 {[%clk 01:22:22]} {[%emt 00:00:12]} hxg5 {[%clk
01:00:07]} {[%emt 00:05:35]} 14. hxg5 {[%clk 01:22:46]} {[%emt 00:00:05]} Nf8
{[%clk 00:58:04]} {[%emt 00:02:34]} 15. O-O-O {[%clk 01:14:20]} {[%emt
00:08:56]} Ng6 {[%clk 00:53:49]} {[%emt 00:04:45]} 16. Na5 {[%clk 01:05:44]}
{[%emt 00:09:05]} Qc7 {[%clk 00:50:44]} {[%emt 00:03:36]} 17. Kb1 {[%clk
01:00:12]} {[%emt 00:06:01]} Rc8 {[%clk 00:38:59]} {[%emt 00:12:15]} 18. Bd3
{[%clk 00:46:36]} {[%emt 00:14:06]} Bd8 {[%clk 00:32:58]} {[%emt 00:06:32]} 19.
Bb5+ {[%clk 00:37:45]} {[%emt 00:09:21]} Ke7 {[%clk 00:28:38]} {[%emt
00:04:50]} 20. Nxb7 {[%clk 00:12:08]} {[%emt 00:26:07]} axb5 {[%clk 00:12:51]}
{[%emt 00:16:17]} 21. Nxd6 {[%clk 00:12:28]} {[%emt 00:00:10]} Nc4 {[%clk
00:09:18]} {[%emt 00:04:03]} 22. Nxc8+ {[%clk 00:11:53]} {[%emt 00:01:05]} Qxc8
{[%clk 00:09:42]} {[%emt 00:00:06]} 23. Qf2 {[%clk 00:10:56]} {[%emt 00:01:26]}
Ke8 {[%clk 00:09:00]} {[%emt 00:01:12]} 24. Nxb5 {[%clk 00:09:26]} {[%emt
00:02:00]} Qb8 {[%clk 00:09:14]} {[%emt 00:00:17]} 25. a4 {[%clk 00:09:51]}
{[%emt 00:00:05]} Nxe3 {[%clk 00:09:10]} {[%emt 00:00:33]} 26. Qxe3 {[%clk
00:07:16]} {[%emt 00:03:05]} Bb6 {[%clk 00:09:33]} {[%emt 00:00:07]} 27. Qa3
{[%clk 00:05:28]} {[%emt 00:02:19]} Bxg1 {[%clk 00:09:05]} {[%emt 00:00:58]}
28. Rxg1 {[%clk 00:05:52]} {[%emt 00:00:05]} Ne7 {[%clk 00:06:22]} {[%emt
00:03:13]} 29. Rd1 {[%clk 00:04:56]} {[%emt 00:01:26]} Kf8 {[%clk 00:05:08]}
{[%emt 00:01:45]} 30. Qc5 {[%clk 00:03:54]} {[%emt 00:01:31]} f6 {[%clk
00:04:38]} {[%emt 00:00:59]} 31. Nc7 {[%clk 00:03:49]} {[%emt 00:00:36]} Bf7
{[%clk 00:03:53]} {[%emt 00:01:16]} 32. g6 {[%clk 00:03:30]} {[%emt 00:00:48]}
Bg8 {[%clk 00:03:06]} {[%emt 00:01:17]} 33. Qd6 {[%clk 00:03:35]} {[%emt
00:00:25]} 1-0

[Event "Deutsche Ländermeisterschaft 2025"]
[Site "Oer-Erkenschwick GER"]
[Date "2025.10.01"]
[Round "1"]
[White "Aguike, Toshiya"]
[Black "Neumann, Helena"]
[Result "1-0"]
[Termination "normal"]
[Board "1.5"]
[BlackTitle "WFM"]
[WhiteElo "1897"]
[BlackElo "2126"]
[WhiteClock "00:13:16"]
[BlackClock "00:51:27"]
[WhiteTeam "Schleswig-Holstein"]
[BlackTeam "Nordrhein-Westfalen 1"]
[PlyCount "59"]
[WhiteFideId "34611347"]
[BlackFideId "16275365"]
[EventCountry "GER"]
[EventRounds "7"]
[EventType "team-swiss"]
[EventDate "2025.09.30"]

1. e4 {[%clk 01:30:51]} {[%emt 00:00:08]} c6 {[%clk 01:30:58]} {[%emt
00:00:04]} 2. d4 {[%clk 01:30:51]} {[%emt 00:00:29]} d5 {[%clk 01:31:24]}
{[%emt 00:00:04]} 3. exd5 {[%clk 01:31:00]} {[%emt 00:00:21]} cxd5 {[%clk
01:31:49]} {[%emt 00:00:05]} 4. c4 {[%clk 01:31:11]} {[%emt 00:00:19]} Nf6
{[%clk 01:32:16]} {[%emt 00:00:03]} 5. Nc3 {[%clk 01:31:35]} {[%emt 00:00:06]}
Nc6 {[%clk 01:32:42]} {[%emt 00:00:04]} 6. Nf3 {[%clk 01:31:53]} {[%emt
00:00:11]} g6 {[%clk 01:33:07]} {[%emt 00:00:05]} 7. cxd5 {[%clk 01:29:29]}
{[%emt 00:02:54]} Nxd5 {[%clk 01:33:31]} {[%emt 00:00:07]} 8. Qb3 {[%clk
01:29:25]} {[%emt 00:00:34]} Nxc3 {[%clk 01:33:55]} {[%emt 00:00:06]} 9. Bc4
{[%clk 01:25:14]} {[%emt 00:04:41]} Nd5 {[%clk 01:34:20]} {[%emt 00:00:05]} 10.
Bxd5 {[%clk 01:24:40]} {[%emt 00:01:04]} e6 {[%clk 01:34:46]} {[%emt 00:00:05]}
11. Bxc6+ {[%clk 01:20:20]} {[%emt 00:04:50]} bxc6 {[%clk 01:35:10]} {[%emt
00:00:06]} 12. O-O {[%clk 01:20:32]} {[%emt 00:00:17]} Qd5 {[%clk 01:35:38]}
{[%emt 00:00:03]} 13. Qc3 {[%clk 01:19:47]} {[%emt 00:01:15]} f6 {[%clk
01:35:46]} {[%emt 00:00:22]} 14. Bf4 {[%clk 01:18:39]} {[%emt 00:01:38]} g5
{[%clk 01:33:53]} {[%emt 00:02:22]} 15. Bg3 {[%clk 01:18:20]} {[%emt 00:00:49]}
h5 {[%clk 01:33:55]} {[%emt 00:00:28]} 16. h4 {[%clk 01:15:59]} {[%emt
00:02:50]} g4 {[%clk 01:34:19]} {[%emt 00:00:06]} 17. Nd2 {[%clk 01:15:22]}
{[%emt 00:01:07]} Bb7 {[%clk 01:31:19]} {[%emt 00:03:31]} 18. Rfe1 {[%clk
01:08:55]} {[%emt 00:06:57]} c5 {[%clk 01:19:12]} {[%emt 00:12:37]} 19. Ne4
{[%clk 01:08:27]} {[%emt 00:00:58]} O-O-O {[%clk 01:18:06]} {[%emt 00:01:37]}
20. dxc5 {[%clk 01:00:08]} {[%emt 00:08:49]} e5 {[%clk 01:10:18]} {[%emt
00:08:17]} 21. Rad1 {[%clk 00:42:44]} {[%emt 00:17:54]} Qe6 {[%clk 01:03:03]}
{[%emt 00:07:45]} 22. Rxd8+ {[%clk 00:43:01]} {[%emt 00:00:12]} Kxd8 {[%clk
01:03:28]} {[%emt 00:00:06]} 23. Rd1+ {[%clk 00:34:46]} {[%emt 00:08:45]} Kc7
{[%clk 00:59:48]} {[%emt 00:04:10]} 24. Nxf6 {[%clk 00:34:32]} {[%emt
00:00:44]} Be7 {[%clk 00:58:08]} {[%emt 00:02:10]} 25. Bxe5+ {[%clk 00:33:19]}
{[%emt 00:01:43]} Kc8 {[%clk 00:58:28]} {[%emt 00:00:09]} 26. Ne4 {[%clk
00:15:20]} {[%emt 00:18:29]} Bxe4 {[%clk 00:54:24]} {[%emt 00:04:34]} 27. Bxh8
{[%clk 00:15:37]} {[%emt 00:00:13]} Qc6 {[%clk 00:54:46]} {[%emt 00:00:08]} 28.
Qe5 {[%clk 00:14:54]} {[%emt 00:01:13]} Bd8 {[%clk 00:51:56]} {[%emt 00:03:20]}
29. Rd6 {[%clk 00:14:13]} {[%emt 00:01:11]} Qb7 {[%clk 00:51:27]} {[%emt
00:00:59]} 30. Qe8 {[%clk 00:13:16]} {[%emt 00:01:27]} 1-0